| 000 | 00566nam a2200181Ia 4500 | ||
|---|---|---|---|
| 008 | 090123s9999 xx 000 0 und d | ||
| 082 |
_b18424 _a891.463/बांदो |
||
| 100 | _aबांदोडकर व.पु. | ||
| 245 | _aभुमिका | ||
| 250 | _a1 | ||
| 260 |
_bबांदोडकर पब्लिशिंग हाऊस _c1990 |
||
| 300 | _a214 | ||
| 600 | _aबांदोडकर व.पु. | ||
| 630 | _aभुमिका | ||
| 700 | _aबांदोडकर व.पु. | ||
| 730 | _aभुमिका | ||
| 942 | _cBOOK | ||
| 999 |
_c56487 _d56487 |
||